00948 2200301 4500001002100000005001500021035002000036100001700056245013300073250001100206300003600217020002200253082000800275084001400283090001400297260003100311500003200342650001400374700002900388700003100417700003500448850001000483008004100493990002800534990002800562990002800590990002800618INLIS00000000000260220260601015621 a0010-0420000006 aFathurrahman1 aKisah Dari Bilik Pesantren :bpengalaman inspiratif tiga puluh santri pesantren tebuireng dan pesantren langitan /cFathurrahman aCet. 1 aviii, 168 hlm :bilus. ;c20 cm a978-602-0935-56-0 a910 a910 FAT k a910 FAT k aJakarta :berlangga,c2017 aprofil penulis, hlm 161-168 4apesantren aEditor ke-1 , Hasanuddin aEditor ke-2 , Hijrah Ahmad aEditor ke-3 , Andhika Prasetya aPUPAD260601 0  a34.529/DAK-Pdg/DPK/2019 a34.530/DAK-Pdg/DPK/2019 a34.531/DAK-Pdg/DPK/2019 a34.532/DAK-Pdg/DPK/2019